| 000 | 00454nam a22001697a 4500 | ||
|---|---|---|---|
| 999 |
_c199 _d199 |
||
| 005 | 20210910104017.0 | ||
| 008 | 160428b xxu||||| |||| 00| 0 eng d | ||
| 020 | _a0.07-120413-X | ||
| 041 | _aeng | ||
| 082 |
_b00684 _a005.74 |
||
| 100 |
_aSilberschats, Abraham and others _94135 |
||
| 245 | _aDatabase System Concepts | ||
| 260 |
_aNew York _bMC Graw Hill International, _c2002 |
||
| 300 | _a1064 | ||
| 650 |
_aInformation Technology _9137 |
||
| 942 | _cBK | ||